000
00307nam a22001217a 4500
008
160507b xxu||||| |||| 00| 0 eng d
020
_a
9780683301472
020
_a
0683301470
041
_a
eng
080
_a
61
245
_a
Family medicine:
_c
Philip D. Sloane; Lisa M. Slatt; Peter Curtis;
942
_2
udc
_c
BK
999
_c
1880
_d
1880